000 01850nam0a22003251 4500
001 rc\3316567
005 20130115150705.4
021 _aRU
_b[73-56169]
035 _a(NLR Aleph) 007506849
090 _a7683346
_c7683346
100 _a20130115d1973 |||y0rusy50 ca
101 0 _arus
102 _aRU
105 _aa z |||||
200 1 _aИз истории развития планирования народного хозяйства Киргизии. (1918-1971 гг.)
_eСборник документов и материалов
_fСост. Б.Ш. Курманова, Н.М. Лившиц, Н.А. Мыльникова
_gРед. коллегия: К.Д. Дикамбаев (отв. ред.) [и др.
_gГос. план. ком. Совета Министров КиргССР. Арх. упр. при Совете Министров КиргССР. Центр. гос. архив КиргССР
210 _aФрунзе]
_cКыргызстан
_d1973
215 _a231 с., 2 л. ил.
_d20
300 _aНа корешке загл.: Из истории развития народного...
516 0 _aИз истории развития народного хозяйства Киргизии. (1918-1971 гг.)
606 _aПланирование народного хозяйства
_yКиргССР
_xИстория
_jДокументы и материалы
_2psbo
702 1 _aЛившиц
_bН. М.
_4220
702 1 _aМыльникова
_bН. А.
_4220
702 1 _aКурманова
_bБ. Ш.
_4220
702 1 _aДикамбаев
_bК. Д.
_gКазы Дикамбаевич
_4340
712 0 1 _aКиргССР
_bГосударственная плановая комиссия
_3RU\NLR\AUTH\8810167577
801 0 _aRU
_bNLR
_gpsbo
801 1 _aRU
_bELAR
_2rusmarc
852 _aNLR
_j73-3/4928
942 _cBOOK
980 _aNB